000 00951cab a2200253 4500
001 WB3347-22
008 090401t1997 xxu||||| |||| 00| 0 eng d
035 _a(Sirsi) u82485
041 _aeng
245 _aCommission
260 _c1997
350 _a0
490 _aEstates Gazette Case Summaries
_v1997 EGCS 160 (29/11/97)
520 _a"Harwood (T/A RSBS Group) v Smith" CA 14 November 1997. On appeal it was held that the agent was not entitled to commission under the Estate Agents (Provision of Information) Regulations 1991 taking into account the terms of the wording of the contract between client and estate agent.
650 _aBREACH OF CONTRACT
650 _aCOMMISSION
650 _aENTITLEMENT
650 _aESTATE AGENTS (PROVISION OF INFORMATION) REGULATIONS 1991
650 _aESTATE AGENTS
650 _aSOLE SELLING RIGHTS
690 _aPROFESSIONAL PRACTICE - CASE LAW
942 _n0
948 _c03/12/1997
999 _c52089
_d52089